| 000 | 00477nam a2200181Ia 4500 | ||
|---|---|---|---|
| 005 | 20250508160851.0 | ||
| 008 | 008 250505s9999 xx 000 0 eng d | ||
| 037 | _aReference | ||
| 040 |
_aFEDL _beng _cFEDL |
||
| 041 |
_aeng _2eng |
||
| 084 |
_a420, CBS _qFEDL |
||
| 245 | 0 | _aSecondary school english reader | |
| 245 | 0 | _cCentral Board of Secondary Education | |
| 260 | _c1975 | ||
| 300 | _aii,150p. | ||
| 942 |
_cREF _h420, CBS |
||
| 999 |
_c1367078 _d1367078 |
||